000 01120cam a2200253 a 4500
001 22994
003 BD-RjUL
005 20211209000859.0
008 140310s1949 nyua b i000 0 eng d
035 _a(BD-RjUL)23059
_aOCLC 25124274 from jbp04
040 _aSMI
_cSMI
_dEQO
_dBD-RjUL
_beng
041 _aeng
082 0 0 _220
_a333.72
_bUNP 1951
111 2 _aUnited Nations Scientific Conference on the Conservation and Utilization of Resources
_d(1949 :
_cLake Success, N.Y.)
_970938
245 1 0 _aProceedings of the United Nations Scientific Conference on the Conservation and Utilization of Resources, 17 August-6 September 1949, Lake Success, New York /
_nVolume II :
_pMineral resources.
260 _aLake Success, N.Y :
_bUnited Nations, Dept. of Economic Affairs,
_c1951.
300 _aV, 303 P. :
_bill. ;
_c28 cm.
504 _aIncludes bibliography.
650 0 _aConservation of natural resources
_vCongresses.
_970935
650 0 _aAgricultural conservation
_xCongresses.
_970936
650 0 _aForest conservation
_xCongresses.
_970937
650 0 _aForests and forestry
_vCongresses..
_945531
942 _2ddc
_cBK
999 _c22994
_d22994